00955nac a22002531u 4500010001700000020002200017082001500039090001500054100003400069245011200103250001200215260006300227300001100290500002800301504005100329511002800380650004900408650005400457700002200511700001800533942001700551999001500568952011800583 a 2004063450 a0273681184 (pbk.)00a657.3bROB c6831d6831 aRoberts, Clare B. 10aInternational financial reporting :ba comparative approach /cClare Roberts, Pauline Weetman, Paul Gordon. a3rd ed. aNew York :bFinancial Times Prentice Hall,c.2005.cc.2005. ap. cm. aDistributer : Al-Ahram. aIncludes bibliographical references and index. aCatalogued By: Mahitab. 0aInternational business enterprisesxFinance. 0aAccountingxStandardsxInternational cooperation.1 aWeetman, Pauline.1 aGordon, Paul. cBBk657.3ROB c6831d6831 00104070aMAINbMAINc1STd2007-12-06ePurchasel4m1o657.3ROBp000008555r2025-07-15 00:00:00s2012-05-31yBB